Tuna fishing with pole and line

Guardat en:
Dades bibliogràfiques
Autor principal: Ben-Yami, M (Autor)
Format: Llibre
Idioma:anglès
Publicat: Surrey FAO 1980
Col·lecció:FAO Fishing Manuals
Matèries:
Etiquetes: Afegir etiqueta
Sense etiquetes, Sigues el primer a etiquetar aquest registre!

MARC

LEADER 00000nam a2200000 a 4500
001 UCI9680
003 CL-VaPUC
008 081128e19800000uk |||||||||||||||||eng|d
020 |a 0852381115 
082 0 4 |a 639.2  |b BEN  |2 21 
100 0 |a Ben-Yami, M  |e author  |9 533551 
245 1 0 |a Tuna fishing with pole and line 
300 |a 150 p 
942 |c BK 
945 |d 20081128 00:00:00  |a jtorresc 
260 |a Surrey  |b FAO  |c 1980 
650 7 |a PESCA DE ATUN  |2 CL-VaPUC  |9 262016 
650 7 |a METODOS DE PESCA  |2 CL-VaPUC  |9 261501 
650 0 |a Pesca artesanal   |9 261256 
583 |a last modification  |c 20150507 04:54:51  |k Rodrigo Vera 
490 0 |a FAO Fishing Manuals 
999 |c 332163  |d 332161